[Event "Commonwealth-ch U14 Girls"]
[Site "New Delhi"]
[Date "2018.07.02"]
[Round "6"]
[White "Jain, Nityata"]
[Black "Rindhiya, V."]
[Result "1/2-1/2"]
[WhiteElo "2015"]
[BlackElo "1733"]
[PlyCount "107"]
[EventDate "2018.06.26"]
[EventType "swiss"]
[EventRounds "7"]
[EventCountry "IND"]
[SourceTitle "EXT 2019"]
[Source "ChessBase"]
[SourceDate "2018.10.10"]
[SourceVersion "1"]
[SourceVersionDate "2018.10.10"]
[SourceQuality "1"]

1. e4 e5 2. Nf3 Nc6 3. Nc3 Nf6 4. d4 exd4 5. Nxd4 Bb4 6. Nxc6 bxc6 7. Bd3 d5 8. exd5 cxd5 9. 0-0 0-0 10. h3 h6 11. Qf3 c6 12. Bf4 Bd6 13. Rad1 Be6 14. Ne2 c5 15. b3 d4 16. Bxd6 Qxd6 17. c3 Bd5 18. Qf4 Qxf4 19. Nxf4 Rad8 20. cxd4 cxd4 21. Rfe1 Rfe8 22. Rxe8+ Rxe8 23. Nxd5 Nxd5 24. Bc4 Nc3 25. Rxd4 Ne2+ 26. Bxe2 Rxe2 27. a4 a5 28. g3 Rb2 29. Rd3 Kf8 30. Kg2 Ke7 31. Kf3 f5 32. Ke3 g5 33. h4 gxh4 34. gxh4 Ke6 35. Kf3 Ke5 36. Kg3 Ke6 37. f3 Ke5 38. Rc3 f4+ 39. Kg4 Rg2+ 40. Kh5 Kd4 41. Rc4+ Ke3 42. Kxh6 Kxf3 43. Rc5 Ke4 44. Rxa5 f3 45. Ra8 f2 46. Rf8 Ke3 47. h5 Rg3 48. Rxf2 Kxf2 49. Kh7 Rxb3 50. h6 Ra3 51. Kg7 Rxa4 52. h7 Ra7+ 53. Kg6 Rxh7 54. Kxh7 1/2-1/2